Las palabras del origen: breve compendio de la mitología de los Uitotos
সংরক্ষণ করুন:
| প্রধান লেখক: | |
|---|---|
| বিন্যাস: | গ্রন্থ |
| ভাষা: | স্প্যানিশ |
| প্রকাশিত: |
Bogotá
Ministerio de Cultura
2010
|
| সংস্করন: | 1a. ed |
| মালা: | Biblioteca Básica de los Pueblos Indígenas de Colombia, 4
|
| বিষয়গুলি: | |
| ট্যাগগুলো: |
ট্যাগ যুক্ত করুন
কোনো ট্যাগ নেই, প্রথমজন হিসাবে ট্যাগ করুন!
|
MARC
| LEADER | 00000nam a2200000 a 4500 | ||
|---|---|---|---|
| 001 | UCG5419 | ||
| 003 | CL-VaPUC | ||
| 008 | 110303e20100800CK |||||||||||||||||spa|d | ||
| 020 | |a 9789587530148o.c | ||
| 020 | |a 9789587530155t.4 | ||
| 082 | 0 | 4 | |a 398.20986 |b URB |2 21 |
| 100 | 0 | |a Urbina Rangel, Fernando |e author |9 555134 | |
| 245 | 1 | 4 | |a Las palabras del origen: breve compendio de la mitología de los Uitotos |
| 250 | |a 1a. ed | ||
| 300 | |a 254 p | ||
| 942 | |c BK | ||
| 945 | |d 20110303 00:00:00 |a dcastane | ||
| 260 | |a Bogotá |b Ministerio de Cultura |c 2010 | ||
| 600 | 0 | 7 | |a UITOTOS |2 CL-VaPUC |9 555135 |
| 650 | 0 | |a Mitología |9 255719 | |
| 650 | 7 | |a MITOLOGIA COLOMBIANA |2 CL-VaPUC |9 555136 | |
| 650 | 0 | |a Indígenas |9 317064 | |
| 650 | 0 | |a Identidad cultural |9 319131 | |
| 651 | 0 | |a Colombia |9 256424 | |
| 583 | |a last modification |c 20110303 00:00:00 |k Rodrigo Vera | ||
| 490 | 0 | |a Biblioteca Básica de los Pueblos Indígenas de Colombia, 4 | |
| 999 | |c 343939 |d 343937 | ||
| 952 | |0 0 |1 0 |4 0 |6 398_209860000000000_URB_2010 |7 0 |8 A |9 441656 |a BIBART |b BIBART |d 2019-11-22 |i 4747267 |o 398.20986 URB 2010 |p 4747267 |r 2025-03-13 |w 2019-11-22 |y BK |k ART | ||